Đầu tư nước ngoài tại Việt Nam 7 năm đầu thế kỷ XXI = Foreign direct investment in Vietnam 7 years at the beginning of century 21st
Nội dung tài liệu gồm những thông tin phản ánh quá trình phát triển của các doanh nghiệp có vốn đầu tư nước ngoài (FDI) thời kỳ 2000 - 2006 trên cơ sở cập nhật, tổng hợp các thông tin thu được từ cuộc điều tra doanh nghiệp hàng năm của To...
Đã lưu trong:
| Nhiều tác giả của công ty: | , |
|---|---|
| 格式: | 圖書 |
| 語言: | Undetermined |
| 出版: |
Hà Nội
Thống Kê
2008
|
| 主題: | |
| 標簽: |
添加標簽
沒有標簽, 成為第一個標記此記錄!
|
| Thư viện lưu trữ: | Trung tâm Học liệu Trường Đại học Cần Thơ |
|---|
| LEADER | 01317nam a2200241Ia 4500 | ||
|---|---|---|---|
| 001 | CTU_159217 | ||
| 008 | 210402s9999 xx 000 0 und d | ||
| 020 | |c 150000 | ||
| 082 | |a 332.673072 | ||
| 082 | |b T455/2008 | ||
| 110 | |a Tổng cục Thống kê | ||
| 110 | |b Bộ Kế hoạch và Đầu tư Việt Nam | ||
| 245 | 0 | |a Đầu tư nước ngoài tại Việt Nam 7 năm đầu thế kỷ XXI = | |
| 245 | 0 | |b Foreign direct investment in Vietnam 7 years at the beginning of century 21st | |
| 245 | 0 | |c Bộ Kế hoạch và Đầu tư ; Tổng cục Thống kê | |
| 260 | |a Hà Nội | ||
| 260 | |b Thống Kê | ||
| 260 | |c 2008 | ||
| 520 | |a Nội dung tài liệu gồm những thông tin phản ánh quá trình phát triển của các doanh nghiệp có vốn đầu tư nước ngoài (FDI) thời kỳ 2000 - 2006 trên cơ sở cập nhật, tổng hợp các thông tin thu được từ cuộc điều tra doanh nghiệp hàng năm của Tổng cục Thống kê. | ||
| 650 | |a Investments, foreign,Đầu tư, nước ngoài | ||
| 650 | |x Statistics,Số liệu thống kê | ||
| 904 | |i Trọng Hiếu | ||
| 980 | |a Trung tâm Học liệu Trường Đại học Cần Thơ | ||